000 00958nam a2200205Ia 4500
001 858-TAM su ve (15403)
003 IT-MiSPE
008 171229s9999||||xx |||||||||||||| ||und||
040 _aIT-MiSPE
_cIT-MiSPE
041 _aITALIANO
100 _aSusanna Tamaro
245 0 _aVerso casa
_bL'ignoto e il mistero; Non un colore, ma una luce; La scrittura è spietata
250 _a1a ed. (v)
260 _aMilano
_bAres
_c1999
300 _a88 p.
_c19 cm
501 _aEdizioni San Paolo srl - Piazza Soncino, 5 - 20092 CINISELLO BALSAMO (MI) (non commercial uses only) ® Copyright 2018
942 _cBK
957 _71
999 _a1780
_bNO
_g Copie: 1
_c354790
_d354790